[Event "Las Vegas Millionaire op"]
[Site "Las Vegas"]
[Date "2014.10.13"]
[Round "8"]
[White "Barnett, Alexander Solomon"]
[Black "Heredia Serrano, Carla Sofia"]
[Result "0-1"]
[WhiteElo "2194"]
[BlackElo "2135"]
[PlyCount "28"]
[EventDate "2014.10.09"]
[EventType "swiss"]
[EventRounds "9"]
[EventCountry "USA"]
[SourceTitle "CBM 162 Extra"]
[Source "ChessBase"]
[SourceDate "2014.10.17"]
[SourceVersion "1"]
[SourceVersionDate "2014.10.17"]
[SourceQuality "1"]

1. e4 c6 2. d4 d5 3. e5 c5 4. Ne2 Nc6 5. c3 e6 6. Nd2 Nge7 7. dxc5 Ng6 8. f4 Bxc5 9. Nb3 Bb6 10. Ned4 f6 11. Qh5 fxe5 12. Nxc6 bxc6 13. fxe5 0-0 14. Nd2 Rf5 0-1

[Event "Washington op 1st"]
[Site "Rockville"]
[Date "2012.08.01"]
[Round "9"]
[White "Barnett, Alexander Solomon"]
[Black "Guadalupe, Francisco II"]
[Result "1-0"]
[WhiteElo "2243"]
[BlackElo "2214"]
[PlyCount "99"]
[EventDate "2012.07.28"]
[EventType "swiss"]
[EventRounds "9"]
[EventCountry "USA"]
[SourceTitle "CBM 149 Extra"]
[Source "ChessBase"]
[SourceDate "2012.08.24"]
[SourceVersion "1"]
[SourceVersionDate "2012.08.24"]
[SourceQuality "1"]

1. e4 e5 2. Nf3 Nc6 3. Bc4 Nf6 4. d3 Bc5 5. c3 d6 6. Bb3 0-0 7. Nbd2 a6 8. h3 Ba7 9. 0-0 h6 10. Nc4 b5 11. Ne3 Rb8 12. a3 Ne7 13. Nh4 g5 14. Qf3 Kg7 15. Nhf5+ Nxf5 16. Nxf5+ Bxf5 17. Qxf5 Qd7 18. Qf3 Ng8 19. Be3 c5 20. Qd1 Ne7 21. d4 Qc7 22. h4 f6 23. Be6 Ng6 24. g3 cxd4 25. cxd4 exd4 26. Bd2 Rbe8 27. Rc1 Qb7 28. Bd5 Qe7 29. Ba5 Rc8 30. Qg4 Rc5 31. Rxc5 dxc5 32. f4 Bb8 33. hxg5 fxg5 34. e5 gxf4 35. gxf4 h5 36. Qg2 Kh6 37. Bd2 Nh4 38. f5+ Kh7 39. f6 Qd7 40. Be4+ Kh8 41. Qg3 Bxe5 42. Qxh4 Qg4+ 43. Qxg4 hxg4 44. Bg5 d3 45. Bxd3 Bxb2 46. Kg2 c4 47. Be4 Bxa3 48. Rh1+ Kg8 49. Bd5+ Rf7 50. Bh6 1-0

[Event "Washington op 1st"]
[Site "Rockville"]
[Date "2012.07.31"]
[Round "8"]
[White "Sundararajan, Kidambi"]
[Black "Barnett, Alexander Solomon"]
[Result "1-0"]
[WhiteElo "2459"]
[BlackElo "2243"]
[PlyCount "29"]
[EventDate "2012.07.28"]
[EventType "swiss"]
[EventRounds "9"]
[EventCountry "USA"]
[SourceTitle "CBM 149 Extra"]
[Source "ChessBase"]
[SourceDate "2012.08.24"]
[SourceVersion "1"]
[SourceVersionDate "2012.08.24"]
[SourceQuality "1"]

1. Nf3 Nf6 2. g3 b5 3. Bg2 Bb7 4. 0-0 e6 5. b3 Be7 6. Bb2 0-0 7. c4 b4 8. d4 Qc8 9. Nbd2 c5 10. dxc5 Na6 11. a3 bxa3 12. Bxa3 Bc6 13. Bb2 Qd8 14. Qb1 d6 15. Ng5 1-0

[Event "Los Angeles Metropolitan op 1st"]
[Site "Los Angeles"]
[Date "2011.08.21"]
[Round "8"]
[White "Barnett, Alexander Solomon"]
[Black "Liou, Yian"]
[Result "0-1"]
[WhiteElo "2254"]
[BlackElo "2299"]
[PlyCount "108"]
[EventDate "2011.08.17"]
[EventType "swiss"]
[EventRounds "9"]
[EventCountry "USA"]
[SourceTitle "CBM 144 Extra"]
[Source "ChessBase"]
[SourceDate "2011.10.28"]
[SourceVersion "1"]
[SourceVersionDate "2011.10.28"]
[SourceQuality "1"]

1. e4 c5 2. Nf3 e6 3. d4 cxd4 4. Nxd4 a6 5. Nc3 Qc7 6. Bd3 Nf6 7. 0-0 d6 8. Kh1 Be7 9. Qe2 0-0 10. f4 Nbd7 11. Bd2 b5 12. Rae1 Bb7 13. e5 Ne8 14. f5 Nxe5 15. fxe6 fxe6 16. Nxe6 Rxf1+ 17. Rxf1 Qc8 18. Bf5 Qc4 19. Ng5 Qxe2 20. Nxe2 Nf6 21. Be6+ Kh8 22. Bc3 h6 23. Bxe5 dxe5 24. Nf7+ Kh7 25. Nxe5 Rd8 26. Nd3 Be4 27. Bf5+ Bxf5 28. Rxf5 Nd5 29. Rf3 Nb4 30. Nxb4 Rd1+ 31. Ng1 Bxb4 32. g4 Bc5 33. Rg3 Rb1 34. b3 Rc1 35. Rg2 g5 36. h3 b4 37. Kh2 Bd6+ 38. Kh1 Kg6 39. Re2 Bc5 40. Rg2 a5 41. Kh2 Bd6+ 42. Kh1 Kg7 43. Re2 Bc5 44. Rg2 Kf6 45. Kh2 Bxg1+ 46. Rxg1 Rxc2+ 47. Kg3 Rxa2 48. Rf1+ Kg6 49. Rb1 Ra3 50. Kf2 Kf6 51. Ke2 Ke5 52. Kd3 Kd5 53. Kc2 Ra2+ 54. Kd3 Rh2 0-1

[Event "Los Angeles Metropolitan op 1st"]
[Site "Los Angeles"]
[Date "2011.08.21"]
[Round "9"]
[White "Heiserman, Jimmy"]
[Black "Barnett, Alexander Solomon"]
[Result "1-0"]
[WhiteElo "2111"]
[BlackElo "2254"]
[PlyCount "43"]
[EventDate "2011.08.17"]
[EventType "swiss"]
[EventRounds "9"]
[EventCountry "USA"]
[SourceTitle "CBM 144 Extra"]
[Source "ChessBase"]
[SourceDate "2011.10.28"]
[SourceVersion "1"]
[SourceVersionDate "2011.10.28"]
[SourceQuality "1"]

1. d4 c5 2. d5 e6 3. c4 exd5 4. cxd5 d6 5. Nc3 Ne7 6. e4 Ng6 7. f4 Be7 8. Nf3 0-0 9. Be2 Bg4 10. 0-0 f5 11. h3 Bxf3 12. Bxf3 fxe4 13. Bxe4 Bf6 14. Qg4 Bd4+ 15. Kh1 Qd7 16. Bxg6 Qxg4 17. Bxh7+ Kf7 18. hxg4 Rh8 19. g3 Nd7 20. Kg2 Rxh7 21. Ne4 Rah8 22. Ng5+ 1-0

[Event "Los Angeles Metropolitan op 1st"]
[Site "Los Angeles"]
[Date "2011.08.18"]
[Round "2"]
[White "Barnett, Alexander Solomon"]
[Black "Sevian, Samuel"]
[Result "0-1"]
[WhiteElo "2254"]
[BlackElo "2172"]
[PlyCount "40"]
[EventDate "2011.08.17"]
[EventType "swiss"]
[EventRounds "9"]
[EventCountry "USA"]
[SourceTitle "CBM 144 Extra"]
[Source "ChessBase"]
[SourceDate "2011.10.28"]
[SourceVersion "1"]
[SourceVersionDate "2011.10.28"]
[SourceQuality "1"]

1. e4 e5 2. Nf3 Nc6 3. Bb5 a6 4. Ba4 Nf6 5. 0-0 Be7 6. Re1 b5 7. Bb3 0-0 8. h3 Bb7 9. c3 d5 10. exd5 Nxd5 11. d4 exd4 12. Nxd4 Nxd4 13. Qxd4 c5 14. Qg4 Nf6 15. Qf5 g6 16. Qf4 Bd6 17. Qh6 Re8 18. Be3 c4 19. Bc2 Nd5 20. Na3 Rxe3 0-1

[Event "Los Angeles Metropolitan op 1st"]
[Site "Los Angeles"]
[Date "2011.08.17"]
[Round "1"]
[White "Akobian, Varuzhan"]
[Black "Barnett, Alexander Solomon"]
[Result "1-0"]
[WhiteElo "2613"]
[BlackElo "2254"]
[PlyCount "83"]
[EventDate "2011.08.17"]
[EventType "swiss"]
[EventRounds "9"]
[EventCountry "USA"]
[SourceTitle "CBM 144 Extra"]
[Source "ChessBase"]
[SourceDate "2011.10.28"]
[SourceVersion "1"]
[SourceVersionDate "2011.10.28"]
[SourceQuality "1"]

1. d4 Nf6 2. c4 e6 3. Nf3 Bb4+ 4. Bd2 Qe7 5. g3 Nc6 6. Nc3 0-0 7. Bg2 Na5 8. b3 b6 9. 0-0 Bb7 10. Qc2 Rac8 11. Rfe1 Bxc3 12. Bxc3 Be4 13. Qb2 Nb7 14. Bf1 Bxf3 15. exf3 d5 16. c5 Rb8 17. Rac1 c6 18. Ba6 Nd7 19. b4 bxc5 20. bxc5 Na5 21. Qa3 Nc4 22. Qa4 Rbd8 23. Bxc4 dxc4 24. Qxc6 Nf6 25. Qa6 Nd5 26. Ba5 Rb8 27. Qxc4 Qf6 28. Kg2 Rb2 29. Bc3 Rbb8 30. Qd3 h5 31. h4 Qxh4 32. Re5 Qf6 33. Rxh5 g6 34. Re5 Kg7 35. Bd2 Qe7 36. Qe4 Qd7 37. c6 Qd6 38. Bf4 Rb2 39. Rh1 f5 40. Rxd5 Qxd5 41. Qxd5 exd5 42. Bh6+ 1-0

[Event "US Open-112"]
[Site "Orlando"]
[Date "2011.08.06"]
[Round "8"]
[White "Kacheishvili, Giorgi"]
[Black "Barnett, Alexander Solomon"]
[Result "1-0"]
[WhiteElo "2582"]
[BlackElo "2254"]
[PlyCount "75"]
[EventDate "2011.07.30"]
[EventType "swiss"]
[EventRounds "9"]
[EventCountry "USA"]
[SourceTitle "CBM 143 Extra"]
[Source "ChessBase"]
[SourceDate "2011.08.29"]
[SourceVersion "1"]
[SourceVersionDate "2011.08.29"]
[SourceQuality "1"]

1. Nf3 Nf6 2. c4 e6 3. Nc3 d5 4. d4 c6 5. Bg5 Be7 6. e3 a6 7. Qc2 Nbd7 8. Rd1 b5 9. c5 a5 10. a3 b4 11. Na2 Ba6 12. Bxa6 Rxa6 13. 0-0 bxa3 14. bxa3 Ne4 15. Bxe7 Qxe7 16. Rb1 0-0 17. Rb7 Qd8 18. Rfb1 Qc8 19. Nc3 f5 20. Ne2 g5 21. h4 h6 22. hxg5 hxg5 23. Ne5 Nexc5 24. Ng6 Qxb7 25. Rxb7 Nxb7 26. Nxf8 Kxf8 27. g4 Nd6 28. Ng3 fxg4 29. Qg6 Ke7 30. Qxg5+ Kf7 31. Qh5+ Ke7 32. Qh7+ Nf7 33. Qh4+ Kd6 34. Nh5 Ra8 35. Qxg4 Rh8 36. Nf4 Re8 37. Kf1 Re7 38. Ng6 1-0

[Event "US Open-112"]
[Site "Orlando"]
[Date "2011.08.03"]
[Round "3"]
[White "Barnett, Alexander Solomon"]
[Black "Shabalov, Alexander"]
[Result "1/2-1/2"]
[WhiteElo "2254"]
[BlackElo "2577"]
[PlyCount "99"]
[EventDate "2011.07.30"]
[EventType "swiss"]
[EventRounds "9"]
[EventCountry "USA"]
[SourceTitle "CBM 143 Extra"]
[Source "ChessBase"]
[SourceDate "2011.08.29"]
[SourceVersion "1"]
[SourceVersionDate "2011.08.29"]
[SourceQuality "1"]

1. e4 c5 2. Nf3 d6 3. d4 cxd4 4. Nxd4 Nf6 5. Nc3 a6 6. Be2 e5 7. Nb3 Be6 8. 0-0 Be7 9. Kh1 0-0 10. f4 Qc7 11. a4 Nbd7 12. Be3 exf4 13. Bxf4 Rfe8 14. Nd4 Ne5 15. Bxe5 dxe5 16. Nxe6 fxe6 17. Qd3 Bb4 18. Na2 Bc5 19. Qc4 Rac8 20. b3 Qc6 21. Rae1 Qxe4 22. Bd3 Qd4 23. Qxd4 Bxd4 24. Nc1 Ng4 25. h3 Nf2+ 26. Kh2 Nxd3 27. Nxd3 Rxc2 28. Nxe5 Rc3 29. Nf3 Be3 30. Ne5 Rf8 31. Rxf8+ Kxf8 32. Rf1+ Ke8 33. Rf3 Bd4 34. Nc4 Kd7 35. Rf7+ Kc6 36. Na5+ Kd5 37. Rxb7 Be5+ 38. Kg1 Bc7 39. b4 Ke4 40. Kf2 Rc2+ 41. Ke1 Bxa5 42. bxa5 Rxg2 43. Rb6 e5 44. Rxa6 Ke3 45. Kf1 Ra2 46. Ra7 g5 47. Rxh7 Rxa4 48. Rg7 Kf3 49. Rf7+ Ke4 50. Rg7 1/2-1/2

[Event "Philadelphia op"]
[Site "Philadelphia"]
[Date "2011.04.23"]
[Round "6"]
[White "Bartholomew, John"]
[Black "Barnett, Alexander Solomon"]
[Result "1-0"]
[WhiteElo "2442"]
[BlackElo "2280"]
[PlyCount "73"]
[EventDate "2011.04.20"]
[EventType "swiss"]
[EventRounds "9"]
[EventCountry "USA"]
[SourceTitle "CBM 141 Extra"]
[Source "ChessBase"]
[SourceDate "2011.05.03"]
[SourceVersion "1"]
[SourceVersionDate "2011.05.03"]
[SourceQuality "1"]

1. c4 e5 2. g3 Nf6 3. Bg2 Nc6 4. Nc3 Bc5 5. Nf3 d6 6. d3 h6 7. 0-0 a6 8. a3 Ba7 9. b4 Be6 10. Bb2 Qc8 11. Rc1 0-0 12. e3 a5 13. Qb3 Bh3 14. Nd5 axb4 15. axb4 Nxd5 16. Bxh3 Qxh3 17. cxd5 Qg4 18. Nd2 Ne7 19. Rxc7 Nf5 20. Re1 h5 21. Qc4 Qh3 22. Nf3 Nh6 23. Qh4 Qf5 24. Qe4 Qxe4 25. dxe4 f5 26. Rxb7 fxe4 27. Ng5 Ng4 28. Nxe4 Rab8 29. Rxb8 Rxb8 30. Bc3 Rc8 31. Ra1 Bb6 32. Ra6 Bxe3 33. fxe3 Rc4 34. b5 Rxe4 35. b6 Nf6 36. b7 Nd7 37. Rxd6 1-0

[Event "USA-chT Amateur East"]
[Site "Parsippany"]
[Date "2011.02.19"]
[Round "2"]
[White "Barnett, Alexander Solomon"]
[Black "Miller, Daniel I"]
[Result "0-1"]
[WhiteElo "2300"]
[BlackElo "2261"]
[PlyCount "40"]
[EventDate "2011.02.19"]
[EventType "team-swiss"]
[EventRounds "6"]
[EventCountry "USA"]
[SourceTitle "CBM 141 Extra"]
[Source "ChessBase"]
[SourceDate "2011.05.03"]
[SourceVersion "1"]
[SourceVersionDate "2011.05.03"]
[SourceQuality "1"]

1. e4 e5 2. Nf3 Nf6 3. Nxe5 d6 4. Nxf7 Kxf7 5. Nc3 c5 6. d4 cxd4 7. Qxd4 Nc6 8. Bc4+ d5 9. Bxd5+ Nxd5 10. Qxd5+ Be6 11. Qb5 Nd4 12. Qd3 Bb4 13. Be3 Nc6 14. a3 Qa5 15. Bd2 Rhd8 16. Qf3+ Kg8 17. Rc1 Rxd2 18. axb4 Qg5 19. h4 Qh6 20. 0-0 Rf8 0-1

[Event "Las Vegas National op"]
[Site "Las Vegas"]
[Date "2010.06.13"]
[Round "5"]
[White "Moussa, Alaa Eddine"]
[Black "Barnett, Alexander Solomon"]
[Result "0-1"]
[WhiteElo "2205"]
[BlackElo "2246"]
[PlyCount "98"]
[EventDate "2010.06.11"]
[EventType "swiss"]
[EventRounds "6"]
[EventCountry "USA"]
[SourceTitle "CBM 136 Extra"]
[Source "ChessBase"]
[SourceDate "2010.07.02"]
[SourceVersion "2"]
[SourceVersionDate "2010.07.15"]
[SourceQuality "1"]

1. d4 Nf6 2. c4 e6 3. Nf3 Bb4+ 4. Bd2 Qe7 5. g3 Nc6 6. Bg2 0-0 7. 0-0 Bxd2 8. Qxd2 d6 9. Nc3 e5 10. d5 Nb8 11. e4 a5 12. Ne1 Na6 13. Nd3 Nd7 14. Rae1 Ndc5 15. f4 f6 16. f5 Bd7 17. g4 Rfb8 18. Re3 b5 19. b3 bxc4 20. bxc4 Nxd3 21. Rxd3 Rb4 22. Rg3 Rxc4 23. g5 Rd4 24. Qc1 Nc5 25. Rff3 fxg5 26. h4 g4 27. Rxg4 Rf8 28. Rfg3 Rf7 29. Bf1 h5 30. Rg5 Nxe4 31. Nxe4 Rxe4 32. Qxc7 Rf4 33. Be2 R4xf5 34. Qb8+ Qf8 35. Qxf8+ Kxf8 36. Bxh5 Rf1+ 37. Kh2 R7f2+ 38. Rg2 Rxg2+ 39. Rxg2 Rf4 40. Kg3 Bf5 41. Rb2 g6 42. Bf3 Rd4 43. Rb5 Rd3 44. Kf2 Rd2+ 45. Ke3 Rxa2 46. Rb6 Ke7 47. Rb7+ Kf6 48. Rb6 Ra3+ 49. Kf2 e4 0-1

[Event "US Open-108"]
[Site "Cherry Hill"]
[Date "2007.08.05"]
[Round "9"]
[White "Barnett, Alexander Solomon"]
[Black "Ippolito, Dean"]
[Result "1/2-1/2"]
[WhiteElo "2235"]
[BlackElo "2395"]
[PlyCount "118"]
[EventDate "2007.07.28"]
[EventType "swiss"]
[EventRounds "9"]
[EventCountry "USA"]
[SourceTitle "CBM 119 Extra"]
[Source "ChessBase"]
[SourceDate "2007.09.04"]
[SourceVersion "1"]
[SourceVersionDate "2007.09.04"]
[SourceQuality "1"]

1. e4 e5 2. Nf3 Nf6 3. Nxe5 d6 4. Nf3 Nxe4 5. Nc3 Nxc3 6. dxc3 Be7 7. Bd3 0-0 8. Be3 Nd7 9. h4 Nc5 10. Be2 Bf6 11. Qd5 Qd7 12. 0-0-0 Qa4 13. Qc4 Qxc4 14. Bxc4 Be6 15. Bxe6 Nxe6 16. Rhe1 Rfe8 17. g3 a6 18. Rd2 Re7 19. Rde2 Rae8 20. Bd4 Nxd4 21. Nxd4 g6 22. Kd2 Kf8 23. f4 h6 24. Nf3 c6 25. Rxe7 Bxe7 26. Kd3 d5 27. Ne5 Rd8 28. h5 gxh5 29. Rh1 h4 30. gxh4 h5 31. Ke3 Bf6 32. Kf3 Rd6 33. Nd3 Re6 34. f5 Re4 35. Nf4 Rc4 36. Nxh5 Rxh4 37. Rxh4 Bxh4 38. Kg4 Be1 39. f6 Ke8 40. Kf5 Kd7 41. Nf4 Bg3 42. Nh3 Bh4 43. Ng1 Bf2 44. Nf3 Be3 45. c4 dxc4 46. Ne5+ Ke8 47. Nxc4 Bc1 48. b4 Kd7 49. Ne5+ Ke8 50. Nd3 Bd2 51. a3 a5 52. bxa5 Bxa5 53. a4 b5 54. axb5 cxb5 55. Nc5 Bb6 56. Ne4 Bc7 57. Ng5 Ba5 58. Ne4 Bc7 59. Nc3 b4 1/2-1/2

[Event "Minneapolis HB Global op"]
[Site "Minneapolis"]
[Date "2005.05.22"]
[Round "9"]
[White "Barnett, Alexander Solomon"]
[Black "Burnett, Ronald"]
[Result "1-0"]
[WhiteElo "2193"]
[BlackElo "2433"]
[PlyCount "91"]
[EventDate "2005.05.18"]
[EventType "swiss"]
[EventRounds "9"]
[EventCountry "USA"]
[SourceTitle "CBM 107"]
[Source "ChessBase"]
[SourceDate "2005.08.01"]
[SourceVersion "1"]
[SourceVersionDate "2005.08.01"]
[SourceQuality "1"]

1. e4 g6 2. d4 Bg7 3. Nc3 d6 4. Be3 c6 5. Qd2 b5 6. a4 b4 7. Nd1 a5 8. c3 Nf6 9. f3 bxc3 10. bxc3 Nbd7 11. Bd3 e5 12. Ne2 0-0 13. 0-0 d5 14. Nf2 Qc7 15. Bh6 Bb7 16. Ng3 c5 17. Bxg7 Kxg7 18. exd5 exd4 19. c4 Rfe8 20. Nfe4 Nxe4 21. Nxe4 Ba6 22. Rae1 Rab8 23. f4 f5 24. Ng5 Nf8 25. Rxe8 Rxe8 26. Re1 Qd8 27. Nf3 Bc8 28. Ne5 Bd7 29. Bc2 Kg8 30. Nd3 Qc7 31. Rxe8 Bxe8 32. Qe1 Kf7 33. Qe5 Qb6 34. Qh8 Nd7 35. Qxh7+ Kf8 36. h3 Qa6 37. Bb3 Qb6 38. Ba2 Nf6 39. Qh8+ Ke7 40. Qg7+ Kd8 41. Qf8 Ne4 42. Ne5 Qb2 43. Kh2 d3 44. Nc6+ Kc7 45. Qxe8 Qg7 46. Qb8+ 1-0

[Event "Virginia Beach Millennium op 6th"]
[Site "Virginia Beach"]
[Date "2005.02.27"]
[Round "5"]
[White "Sarkar, Justin"]
[Black "Barnett, Alexander Solomon"]
[Result "1-0"]
[WhiteElo "2386"]
[BlackElo "2167"]
[PlyCount "101"]
[EventDate "2005.02.25"]
[EventType "swiss"]
[EventRounds "5"]
[EventCountry "USA"]
[SourceTitle "CBM 105 Extra"]
[Source "ChessBase"]
[SourceDate "2005.05.01"]
[SourceVersion "1"]
[SourceVersionDate "2005.05.01"]
[SourceQuality "1"]

1. d4 Nf6 2. c4 c5 3. d5 b5 4. cxb5 a6 5. f3 axb5 6. e4 Qa5+ 7. b4 Qxb4+ 8. Bd2 Qa4 9. Qc1 b4 10. Qxc5 Na6 11. Bxa6 e6 12. d6 Qxa6 13. Bxb4 Bb7 14. Nc3 Rc8 15. Qb5 Bxd6 16. Qxa6 Bxa6 17. Bxd6 Rxc3 18. Rb1 Kd8 19. Rb6 Rc6 20. Rxc6 dxc6 21. Nh3 Ne8 22. Bc5 h6 23. Kd2 Kc7 24. Kc3 Nd6 25. a4 Rd8 26. Rb1 Nc4 27. Nf2 Rd2 28. Rb4 Ra2 29. Rxc4 Bxc4 30. Kxc4 Rxa4+ 31. Kd3 Ra2 32. h4 h5 33. e5 Kd7 34. g3 f6 35. exf6 gxf6 36. Ne4 Ke8 37. Nxf6+ Kf7 38. Nxh5 e5 39. g4 Rh2 40. Ke4 Rxh4 41. Kxe5 Rh3 42. Ke4 Rh1 43. Nf4 Rc1 44. Nd3 Rc4+ 45. Ke5 Kg6 46. f4 Rc3 47. Ke4 Rc2 48. f5+ Kg5 49. Be3+ Kxg4 50. f6 Ra2 51. f7 1-0

[Event "Atlantic op 35th"]
[Site "Washington DC"]
[Date "2004.08.29"]
[Round "5"]
[White "Barnett, Alexander Solomon"]
[Black "Muhammad, Stephen A"]
[Result "0-1"]
[WhiteElo "2165"]
[BlackElo "2378"]
[PlyCount "80"]
[EventDate "2004.08.27"]
[EventType "swiss"]
[EventRounds "6"]
[EventCountry "USA"]
[SourceTitle "CBM 102 Extra"]
[Source "ChessBase"]
[SourceDate "2004.11.03"]
[SourceVersion "1"]
[SourceVersionDate "2004.11.03"]
[SourceQuality "1"]

1. e4 e5 2. Nf3 Nc6 3. Bb5 a6 4. Ba4 Nf6 5. d3 b5 6. Bb3 Bb7 7. c3 Bc5 8. 0-0 d6 9. h3 0-0 10. Re1 Bb6 11. Bg5 h6 12. Bh4 g5 13. Bg3 Ne7 14. Bc2 Nh5 15. Bh2 Nf4 16. d4 f6 17. Nbd2 Neg6 18. Nf1 Qe8 19. Ng3 Ne7 20. Nf5 Nxf5 21. exf5 Qh5 22. Bxf4 gxf4 23. Nh2 Qg5 24. d5 Kh8 25. Be4 Bc8 26. Nf3 Qg7 27. Kf1 Rg8 28. Nh4 Qg5 29. Ng6+ Rxg6 30. fxg6 f5 31. Bc2 Bd7 32. Qd3 Rg8 33. g3 Rxg6 34. g4 Qh4 35. Ke2 e4 36. Qd2 Qxh3 37. Rg1 Qf3+ 38. Kf1 Rxg4 39. Rxg4 fxg4 40. Qe1 g3 0-1